000 00971nam a2200289 a 4500
001 000022242
003 DO-SdBNP
005 20210927152845.0
008 100920s1998 mx 000 f spa d
020 _a9701810678
040 _aDO-SdBNP
_bspa
_cBNPHU
041 1 7 _aspa
_hrus
_2Código de idioma MARC
049 _aBNGR
082 _a891.73
_bD724n
100 1 _aDostoyevski, Fiodor M.
_d1821-1881
_945618
240 1 0 _a[Biélie nochi].
245 1 4 _aNoches blancas /
_cFiodor M. Dostoyevski ; presentación de Ignacio Padilla.
260 _aMéxico :
_bConsejo Nacional para la Cultura y las Artes, Dirección General de Publicaciones,
_c1998.
300 _a85 p. ;
_c21 cm.
490 1 _aClásicos para hoy
_v23
534 _aTítulo original en ruso:
_tBiélie nochi.
650 4 _aNovela rusa
_94742
650 0 _aLiteratura rusa
_ySiglo XIX
_945988
700 1 _aPadilla, Ignacio,
_945989
830 0 _aClásicos para hoy ;
_v23
_928953
942 _2ddc
_cLBS1
999 _c21740
_d21740